| 000 | 00541cam a22002171 4500 | ||
|---|---|---|---|
| 001 | sa 65001852 | ||
| 003 | DLC | ||
| 005 | 20260227112112.0 | ||
| 008 | 890628s1964 ii 000 0 hino | ||
| 010 | _asa 65001852 | ||
| 035 | _a(OCoLC)19940482 | ||
| 040 |
_aDLC _cWaU _dDLC |
||
| 042 | _apremarc | ||
| 050 | 0 | 0 |
_aLB775.G22 _bR34 |
| 100 | 1 | _aRāva, Sūrajanārāyaṇa. | |
| 245 | 1 | 0 | _aBuniyādī śikshā siddhānta. |
| 260 | _c[1964?] | ||
| 300 |
_a178 p. _c19 cm. |
||
| 500 | _aIn Hindi. | ||
| 650 | 0 | _aWardha scheme of education. | |
| 999 |
_c62286 _d62286 |
||